La voz del cantante. Bases foniátricas para la enseñanza del canto

Gespeichert in:
Bibliographische Detailangaben
Hauptverfasser: Seidner, Wolfram (VerfasserIn), Wendler, Jürgen (VerfasserIn)
Format: Buch
Sprache:Spanisch
Veröffentlicht: Berlín, Alemania Henschelvaerlag Kunst und Gesellschaft 1982
Schlagworte:
Online-Zugang:Disponible Online
Tags: Tag hinzufügen
Keine Tags, Fügen Sie den ersten Tag hinzu!

MARC

LEADER 00000nam a2200000 a 4500
001 UCN2690
003 CL-VaPUC
005 20210601001405.0
008 010531e19820000GW |||||||||||||||||spa|d
999 |c 295745  |d 295743 
040 |c Pontificia Universidad Católica de Valparaíso 
082 0 4 |a 783.048  |b SEI  |2 21 
100 0 |a Seidner, Wolfram  |e author  |9 458806 
245 1 3 |a La voz del cantante.  |b Bases foniátricas para la enseñanza del canto 
260 |a Berlín, Alemania   |b Henschelvaerlag Kunst und Gesellschaft  |c 1982 
300 |a 201 páginas  
583 |a last modification  |c 20010531 00:00:00  |k Rodrigo Vera 
650 0 |a Voz  |2 CL-VaPUC  |9 318102 
650 0 |a Música vocal   |9 306287 
650 0 |a Fonación   |2 CL-VaPUC  |9 335779 
650 0 |a Respiración   |9 343794  |x Música 
650 0 |a Música estudio e instrucción   |9 306355 
700 0 |a Wendler, Jürgen  |e author  |9 458807 
856 |u http://bibliografiadigital.pucv.cl.pucv.idm.oclc.org/index.php/bibliotecapucv/catalog/book/464  |y Disponible Online  
942 |c BK  |2 ddc 
945 |d 20010531 00:00:00  |a crobeson